[Event "British Rapidplay"]
[Site "Peterborough"]
[Date "2025.03.02"]
[Round "10.38"]
[White "Vashisht-Pigem, Raman"]
[Black "Gupta, Leonardo"]
[Result "1-0"]
[WhiteElo "1965"]
[BlackElo "1885"]
[PlyCount "53"]
[EventDate "2025.03.01"]
[EventType "swiss (rapid)"]
[EventRounds "11"]
[EventCountry "ENG"]
[SourceTitle "BritBase"]
[Source "John Saunders"]
[SourceDate "2025.03.03"]
[SourceVersion "1"]
[SourceVersionDate "2025.03.03"]
[SourceQuality "2"]

1. e4 c5 2. Nf3 Nc6 3. Bb5 Nf6 4. e5 Nd5 5. Nc3 Nc7 6. Bxc6 dxc6 7. O-O Bg4 8. d3 e6 9. h3 Bh5 10. Ne4 Be7 11. Re1 f5 12. exf6 gxf6 13. Be3 b6 14. Ng3 Bf7 15. a4 a5 16. Nd2 Nd5 17. Qf3 Qc7 18. Nge4 O-O-O 19. Nc4 Kb7 20. Ra3 h5 21. Rb3 h4 22. Nxc5+ Ka7 23. Nxb6 Bh5 24. Nxd5 cxd5 25. Nxe6+ d4 26. Nxc7 Bxf3 27. Bxd4+ 1-0

[Event "British Rapidplay"]
[Site "Peterborough"]
[Date "2025.03.02"]
[Round "10.39"]
[White "Norris, Zack"]
[Black "Balmond, Tom"]
[Result "1/2-1/2"]
[WhiteElo "1929"]
[BlackElo "1708"]
[PlyCount "58"]
[EventDate "2025.03.01"]
[EventType "swiss (rapid)"]
[EventRounds "11"]
[EventCountry "ENG"]
[SourceTitle "BritBase"]
[Source "John Saunders"]
[SourceDate "2025.03.03"]
[SourceVersion "1"]
[SourceVersionDate "2025.03.03"]
[SourceQuality "2"]

1. c4 e5 2. Nc3 Nf6 3. g3 c6 4. Nf3 Qc7 5. d3 d5 6. cxd5 cxd5 7. Bg5 d4 8. Bxf6 gxf6 9. Ne4 Be7 10. Bg2 Nc6 11. O-O f5 12. Ned2 h5 13. h4 Rg8 14. Rc1 f4 15. Ne4 Bf5 16. Kh2 O-O-O 17. a3 Bxe4 18. dxe4 Qd6 19. Bh3+ Kb8 20. Rg1 fxg3+ 21. Rxg3 Rxg3 22. fxg3 Qg6 23. Bf5 Qg7 24. Qb3 Qh6 25. Rc2 Rd6 26. Nxe5 Qf6 27. Nd7+ Rxd7 28. Bxd7 Qf2+ 29. Kh3 Qf1+ 1/2-1/2

[Event "British Rapidplay"]
[Site "Peterborough"]
[Date "2025.03.02"]
[Round "10.40"]
[White "Liu, Jacob"]
[Black "Ganti, Shriaansh"]
[Result "1/2-1/2"]
[WhiteElo "1779"]
[BlackElo "1980"]
[PlyCount "98"]
[EventDate "2025.03.01"]
[EventType "swiss (rapid)"]
[EventRounds "11"]
[EventCountry "ENG"]
[SourceTitle "BritBase"]
[Source "John Saunders"]
[SourceDate "2025.03.03"]
[SourceVersion "1"]
[SourceVersionDate "2025.03.03"]
[SourceQuality "2"]

1. e4 c5 2. Nf3 Nc6 3. d4 cxd4 4. Nxd4 Nf6 5. Nc3 e5 6. Ndb5 d6 7. Bg5 a6 8. Na3 b5 9. Nd5 Be7 10. Bxf6 Bxf6 11. Be2 O-O 12. O-O Bg5 13. c4 b4 14. Nc2 a5 15. b3 f5 16. exf5 Bxf5 17. Nce3 Bg6 18. Bh5 Qe8 19. Bxg6 Qxg6 20. Nb6 Bxe3 21. Nxa8 Bd4 22. Nc7 Bxa1 23. Qd5+ Kh8 24. Ne6 Re8 25. Qxc6 Qxe6 26. Rxa1 Rf8 27. Qb6 e4 28. Rd1 Qf5 29. Rd5 Qf6 30. Qd4 Qf7 31. Rxd6 Qe7 32. Rd7 Qg5 33. Qd2 Qf5 34. Rd8 h6 35. Rxf8+ Qxf8 36. Qe2 Qf4 37. g3 Qf5 38. Kg2 Qe5 39. c5 Qxc5 40. Qxe4 Qb5 41. h3 Qc5 42. Qe3 Qd5+ 43. Kh2 Qf5 44. Kg2 Qc2 45. Qe8+ Kh7 46. Qa4 Qc5 47. h4 Qd5+ 48. Kh2 Qf5 49. Kg1 Qb1+ 1/2-1/2

[Event "British Rapidplay"]
[Site "Peterborough"]
[Date "2025.03.02"]
[Round "10.41"]
[White "Yu, Rock"]
[Black "Bevis, Noah"]
[Result "0-1"]
[WhiteElo "2048"]
[BlackElo "1777"]
[PlyCount "102"]
[EventDate "2025.03.01"]
[EventType "swiss (rapid)"]
[EventRounds "11"]
[EventCountry "ENG"]
[SourceTitle "BritBase"]
[Source "John Saunders"]
[SourceDate "2025.03.03"]
[SourceVersion "1"]
[SourceVersionDate "2025.03.03"]
[SourceQuality "2"]

1. c4 g6 2. Nc3 Bg7 3. g3 e5 4. Bg2 f5 5. e3 Nf6 6. Nge2 d6 7. d4 O-O 8. O-O c6 9. b3 Nbd7 10. dxe5 dxe5 11. Ba3 Re8 12. Qc2 Bf8 13. Bxf8 Nxf8 14. e4 Qe7 15. exf5 gxf5 16. Rad1 Be6 17. Qc1 Rad8 18. Qe3 Ng6 19. Qxa7 f4 20. f3 Bf5 21. Qf2 Bc2 22. Rxd8 Rxd8 23. Nxf4 exf4 24. Re1 fxg3 25. hxg3 Qc7 26. Qxc2 Qxg3 27. Qf2 Qg5 28. Ne2 Rd2 29. Qg3 Qxg3 30. Nxg3 Rxa2 31. Bf1 Rb2 32. c5 Kf8 33. Bc4 Nh4 34. Re3 Rg2+ 35. Kf1 Rxg3 36. Kf2 Rg2+ 37. Kf1 Rb2 38. Re6 Ne8 39. Rh6 Nf5 40. Rxh7 Ne3+ 41. Ke1 Nxc4 42. bxc4 Nf6 43. Rh6 Kg7 44. Rh4 Kg6 45. Rd4 Kf5 46. Kd1 Nh7 47. Kc1 Rb4 48. Kc2 Ng5 49. Kc3 Nxf3 50. Rd5+ cxd5 51. Kxb4 d4 0-1

[Event "British Rapidplay"]
[Site "Peterborough"]
[Date "2025.03.02"]
[Round "10.42"]
[White "White, Stuart A"]
[Black "Fearnhead, Benjamin"]
[Result "1/2-1/2"]
[WhiteElo "2024"]
[BlackElo "1881"]
[PlyCount "77"]
[EventDate "2025.03.01"]
[EventType "swiss (rapid)"]
[EventRounds "11"]
[EventCountry "ENG"]
[SourceTitle "BritBase"]
[Source "John Saunders"]
[SourceDate "2025.03.03"]
[SourceVersion "1"]
[SourceVersionDate "2025.03.03"]
[SourceQuality "2"]

1. c4 c6 2. g3 d5 3. Nf3 dxc4 4. Bg2 Nf6 5. O-O Bf5 6. b3 cxb3 7. axb3 e6 8. d3 Bc5 9. Bg5 Nbd7 10. Nbd2 h6 11. Bxf6 Nxf6 12. Qc2 Bb6 13. e4 Bh7 14. Nc4 O-O 15. b4 Qc7 16. Rfc1 Rfd8 17. Bf1 Rac8 18. Be2 a6 19. Nxb6 Qxb6 20. Qc5 Qxc5 21. bxc5 Rc7 22. Ne5 Nd7 23. Nxd7 Rcxd7 24. f4 Rd4 25. Kf2 Rb4 26. Rab1 Rb5 27. Ke3 f6 28. Bd1 Bg6 29. Bb3 Bf7 30. Bc4 Rxb1 31. Rxb1 Rd7 32. e5 Kf8 33. Re1 Ke7 34. g4 f5 35. h3 Bg6 36. Rg1 Kf7 37. d4 Rd8 38. Rb1 Rd7 39. Rg1 1/2-1/2

[Event "British Rapidplay"]
[Site "Peterborough"]
[Date "2025.03.02"]
[Round "10.44"]
[White "Sagues, Vincent"]
[Black "Reghu, Jyothika U"]
[Result "1/2-1/2"]
[WhiteElo "1936"]
[BlackElo "1767"]
[PlyCount "131"]
[EventDate "2025.03.01"]
[EventType "swiss (rapid)"]
[EventRounds "11"]
[EventCountry "ENG"]
[SourceTitle "BritBase"]
[Source "John Saunders"]
[SourceDate "2025.03.03"]
[SourceVersion "1"]
[SourceVersionDate "2025.03.03"]
[SourceQuality "2"]

1. e4 Nf6 2. e5 Nd5 3. d4 d6 4. Nf3 g6 5. Be2 Bg7 6. exd6 cxd6 7. O-O O-O 8. c4 Nb6 9. Nc3 Nc6 10. h3 Bf5 11. Be3 d5 12. c5 Nc4 13. Bxc4 dxc4 14. d5 Nb4 15. Bd4 Bd3 16. Bxg7 Kxg7 17. Ne5 Bxf1 18. Qxf1 Nxd5 19. Rd1 e6 20. Qxc4 Qc7 21. Qd4 f6 22. Nxd5 exd5 23. Ng4 Rad8 24. h4 h5 25. Ne3 Qe5 26. Qb4 d4 27. Nc4 Qd5 28. Nd6 b6 29. Qa4 bxc5 30. Qxa7+ Kg8 31. Nb5 Rf7 32. Qb6 d3 33. Nc7 Qd6 34. Qxd6 Rxd6 35. Nb5 Rd8 36. a4 Rb7 37. Kf1 d2 38. f3 Kf8 39. Kf2 Ke7 40. Ke2 Ke6 41. Rxd2 Rxd2+ 42. Kxd2 Kd5 43. Kc3 Kc6 44. Na3 Re7 45. Kd3 f5 46. Nc4 f4 47. b3 Re8 48. Kd2 Rd8+ 49. Kc2 Rg8 50. Ne5+ Kb6 51. Nd3 g5 52. hxg5 Rxg5 53. Nxf4 Ka5 54. Kc3 h4 55. Kc4 Rf5 56. Ne6 h3 57. gxh3 Rxf3 58. Nxc5 Rxh3 59. b4+ Kb6 60. a5+ Ka7 61. Kb5 Rh5 62. Kc6 Rh6+ 63. Kb5 Rh5 64. Kc6 Rh6+ 65. Kb5 Rh5 66. Kc6 1/2-1/2

[Event "British Rapidplay"]
[Site "Peterborough"]
[Date "2025.03.02"]
[Round "10.45"]
[White "Beswick, Andrew"]
[Black "Ortiz Sanchez, Luis"]
[Result "0-1"]
[WhiteElo "1560"]
[BlackElo "1913"]
[PlyCount "108"]
[EventDate "2025.03.01"]
[EventType "swiss (rapid)"]
[EventRounds "11"]
[EventCountry "ENG"]
[SourceTitle "BritBase"]
[Source "John Saunders"]
[SourceDate "2025.03.03"]
[SourceVersion "1"]
[SourceVersionDate "2025.03.03"]
[SourceQuality "2"]

1. e4 c5 2. Nc3 Nc6 3. Bb5 g6 4. Nf3 Bg7 5. O-O Nd4 6. Bc4 a6 7. a4 e6 8. Re1 Ne7 9. Nxd4 Bxd4 10. Ne2 Bg7 11. c3 d5 12. exd5 Nxd5 13. d4 cxd4 14. Nxd4 O-O 15. Qf3 b6 16. Bd2 Bb7 17. Qg3 Rc8 18. Qd3 e5 19. Nf3 Nf4 20. Bxf4 Qxd3 21. Bxd3 exf4 22. Re7 Bxf3 23. gxf3 a5 24. Rae1 Bf6 25. Rb7 Rb8 26. Rc7 Rfc8 27. Rd7 Rd8 28. Bb5 Rxd7 29. Bxd7 Rd8 30. Re8+ Rxe8 31. Bxe8 Kf8 32. Bb5 Be7 33. Kf1 Bc5 34. Ke2 Ke7 35. Kd3 Bxf2 36. Ke4 Be3 37. Ke5 f6+ 38. Kd5 h5 39. b4 axb4 40. cxb4 g5 41. h3 f5 42. a5 bxa5 43. bxa5 g4 44. fxg4 fxg4 45. hxg4 hxg4 46. Ke4 Kf6 47. Bd7 Kg5 48. a6 Ba7 49. Kd3 Kh4 50. Bc6 Kg3 51. Ke2 f3+ 52. Kf1 Kf4 53. Bb7 g3 54. Bc6 g2+ 0-1

[Event "British Rapidplay"]
[Site "Peterborough"]
[Date "2025.03.02"]
[Round "10.46"]
[White "Finn, Peter"]
[Black "Mylovanov, Volodymyr"]
[Result "1-0"]
[WhiteElo "2205"]
[BlackElo "1821"]
[PlyCount "123"]
[EventDate "2025.03.01"]
[EventType "swiss (rapid)"]
[EventRounds "11"]
[EventCountry "ENG"]
[SourceTitle "BritBase"]
[Source "John Saunders"]
[SourceDate "2025.03.03"]
[SourceVersion "1"]
[SourceVersionDate "2025.03.03"]
[SourceQuality "2"]

1. d4 Nf6 2. Nf3 d5 3. g3 c6 4. Bg2 e6 5. O-O Be7 6. Nbd2 O-O 7. c4 b6 8. Qc2 Bb7 9. e4 dxe4 10. Nxe4 c5 11. Nxf6+ Bxf6 12. dxc5 bxc5 13. Ng5 Bxg5 14. Bxb7 Bxc1 15. Bxa8 Bg5 16. Rad1 Qb6 17. Be4 g6 18. Qb3 Qa5 19. Qb5 Qc7 20. Rd3 Bf6 21. Qb7 Qxb7 22. Bxb7 Bxb2 23. Rb1 Bd4 24. Ra3 Nd7 25. Rxa7 Ne5 26. Ra8 Nxc4 27. Rxf8+ Kxf8 28. a4 Ke7 29. Ba6 Nd2 30. Rb7+ Kf6 31. Bb5 Ne4 32. a5 Nxf2 33. a6 c4 34. a7 Ne4+ 35. Kg2 Bxa7 36. Rxa7 c3 37. Rc7 h5 38. Bd3 Nd6 39. Rxc3 g5 40. Rc6 Ke5 41. Rc5+ Kd4 42. Rc6 Ke5 43. Be2 h4 44. Rc5+ Kf6 45. gxh4 gxh4 46. Rh5 Nf5 47. Bd3 Ne3+ 48. Kf3 Nd5 49. Rxh4 Ne7 50. Rf4+ Kg7 51. Ra4 Nc6 52. Be4 Ne5+ 53. Kf4 Nd7 54. Ra7 Nc5 55. Bc6 Kf8 56. h4 Nd3+ 57. Kg5 Ne5 58. Be4 Kg7 59. h5 Nc4 60. h6+ Kf8 61. Kf6 Ke8 62. h7 1-0

[Event "British Rapidplay"]
[Site "Peterborough"]
[Date "2025.03.02"]
[Round "10.47"]
[White "Birtwistle, Nigel"]
[Black "Nilim, Armaan"]
[Result "1-0"]
[WhiteElo "2025"]
[BlackElo "1848"]
[PlyCount "147"]
[EventDate "2025.03.01"]
[EventType "swiss (rapid)"]
[EventRounds "11"]
[EventCountry "ENG"]
[SourceTitle "BritBase"]
[Source "John Saunders"]
[SourceDate "2025.03.03"]
[SourceVersion "1"]
[SourceVersionDate "2025.03.03"]
[SourceQuality "2"]

1. e4 e5 2. Nf3 Nc6 3. d4 exd4 4. Bc4 Nf6 5. O-O Nxe4 6. Re1 d5 7. Bxd5 Qxd5 8. Nc3 Qh5 9. Nxe4 Be6 10. Bg5 Bd6 11. Nxd6+ cxd6 12. Bf4 Qd5 13. b3 O-O 14. h3 Rac8 15. Qd2 Bxh3 16. c4 Qh5 17. Nxd4 Qg4 18. f3 Qg6 19. Nb5 Ne5 20. Bxe5 dxe5 21. Rxe5 a6 22. Nc3 Be6 23. Rd1 h6 24. Nd5 Bxd5 25. Rxd5 Kh7 26. Qd3 Rc6 27. Qxg6+ Kxg6 28. Rd7 Rb8 29. R1d4 Rf6 30. b4 b6 31. a4 a5 32. b5 Rc8 33. R7d5 Re6 34. Kf2 Kf6 35. Rd7 Rce8 36. Rf4+ Kg5 37. Rdxf7 g6 38. Kg3 h5 39. Rd4 Re2 40. Rd5+ Kh6 41. c5 bxc5 42. Rxc5 Ra2 43. Rc4 Ree2 44. b6 Rxg2+ 45. Kf4 Rg4+ 46. fxg4 Rf2+ 47. Ke5 Rxf7 48. gxh5 Rb7 49. Rc6 Kxh5 50. Kd6 g5 51. Kc5 g4 52. Kb5 g3 53. Rc2 Kg4 54. Kxa5 Kh3 55. Kb5 g2 56. Rxg2 Kxg2 57. a5 Kf3 58. a6 Rh7 59. a7 Rh5+ 60. Ka6 Rh8 61. b7 Rh6+ 62. Kb5 Rh5+ 63. Kb4 Rh4+ 64. Kb3 Rh7 65. a8=Q Kg3 66. b8=Q+ Kf2 67. Qaa7+ Rxa7 68. Qxa7+ Ke1 69. Qa2 Kf1 70. Kc3 Kg1 71. Kd3 Kh1 72. Ke3 Kg1 73. Kf3 Kh1 74. Qg2# 1-0

[Event "British Rapidplay"]
[Site "Peterborough"]
[Date "2025.03.02"]
[Round "10.48"]
[White "Sanitt, Ethan"]
[Black "Hutchinson, Paul A"]
[Result "0-1"]
[WhiteElo "2102"]
[BlackElo "2054"]
[PlyCount "66"]
[EventDate "2025.03.01"]
[EventType "swiss (rapid)"]
[EventRounds "11"]
[EventCountry "ENG"]
[SourceTitle "BritBase"]
[Source "John Saunders"]
[SourceDate "2025.03.03"]
[SourceVersion "1"]
[SourceVersionDate "2025.03.03"]
[SourceQuality "2"]

1. c4 g6 2. g3 Bg7 3. Bg2 Nf6 4. Nc3 d6 5. d3 Nc6 6. e4 e5 7. Nge2 O-O 8. O-O Ne8 9. Nd5 f5 10. f4 Ne7 11. fxe5 dxe5 12. Bg5 Nf6 13. Nxf6+ Bxf6 14. Bxf6 Rxf6 15. Nc3 c6 16. Qc2 f4 17. Ne2 g5 18. Qc3 Ng6 19. d4 Bg4 20. dxe5 Rf7 21. Bf3 Bxf3 22. Rxf3 g4 23. Rxf4 Nxf4 24. Nxf4 Rd7 25. Qb3 Rd2 26. c5+ Kh8 27. Ne6 Qd7 28. Rf1 Re8 29. Ng5 h6 30. Nf7+ Kg7 31. Nd6 Re7 32. Nf5+ Kh7 33. Nxe7 Qd4+ 0-1

[Event "British Rapidplay"]
[Site "Peterborough"]
[Date "2025.03.02"]
[Round "10.49"]
[White "Pyda, Arjun"]
[Black "Goh, Jinghan Cameron"]
[Result "0-1"]
[WhiteElo "1819"]
[BlackElo "2102"]
[PlyCount "102"]
[EventDate "2025.03.01"]
[EventType "swiss (rapid)"]
[EventRounds "11"]
[EventCountry "ENG"]
[SourceTitle "BritBase"]
[Source "John Saunders"]
[SourceDate "2025.03.03"]
[SourceVersion "1"]
[SourceVersionDate "2025.03.03"]
[SourceQuality "2"]

1. e4 c5 2. Nf3 e6 3. c3 d5 4. exd5 Qxd5 5. d4 Nf6 6. Be3 cxd4 7. cxd4 Bb4+ 8. Nc3 Ne4 9. Rc1 Qxa2 10. Rc2 Qa5 11. Qd3 Nxc3 12. bxc3 Be7 13. Be2 Nd7 14. O-O O-O 15. Qe4 Nf6 16. Qd3 b6 17. Ne5 Bb7 18. Qd2 Rfc8 19. Rfc1 Bd5 20. c4 Qxd2 21. Bxd2 Be4 22. Ra2 Bd6 23. Rca1 Bxe5 24. dxe5 Nd7 25. f4 a5 26. Be3 Rab8 27. Rd1 Bc6 28. Rad2 Nc5 29. Ra2 a4 30. Rda1 Nb3 31. Rb1 Be4 32. Rbb2 Bc6 33. Bd1 Na5 34. Be2 Be8 35. Rxb6 Rxb6 36. Bxb6 Nxc4 37. Bxc4 Rxc4 38. g3 h6 39. Ra3 Rc2 40. h4 Bc6 41. Ba5 Rb2 42. Bc7 Kh7 43. Rc3 Bd5 44. Bd6 h5 45. Bc5 Kg6 46. Bf8 Kf5 47. Bxg7 Rb3 48. Rc5 a3 49. Ra5 a2 50. Rxa2 Rb1+ 51. Kf2 Bxa2 0-1

[Event "British Rapidplay"]
[Site "Peterborough"]
[Date "2025.03.02"]
[Round "10.50"]
[White "Sajanani, Vikas"]
[Black "Sahoo, Shivam"]
[Result "1-0"]
[WhiteElo "1902"]
[BlackElo "1728"]
[PlyCount "141"]
[EventDate "2025.03.01"]
[EventType "swiss (rapid)"]
[EventRounds "11"]
[EventCountry "ENG"]
[SourceTitle "BritBase"]
[Source "John Saunders"]
[SourceDate "2025.03.03"]
[SourceVersion "1"]
[SourceVersionDate "2025.03.03"]
[SourceQuality "2"]

1. e4 e6 2. d4 d5 3. Nc3 Nf6 4. Bg5 Be7 5. e5 Nfd7 6. Bxe7 Qxe7 7. f4 a6 8. Nf3 c5 9. Be2 Nc6 10. O-O cxd4 11. Nb1 Qc5 12. Kh1 O-O 13. Nbd2 f6 14. Nb3 Qb6 15. exf6 Nxf6 16. Nfxd4 Nxd4 17. Qxd4 Qxd4 18. Nxd4 Bd7 19. Bd3 Rfe8 20. Rfe1 Rac8 21. Re2 Kf7 22. Rae1 g6 23. c3 Re7 24. f5 Rce8 25. fxg6+ hxg6 26. Nf3 Kg7 27. Ne5 g5 28. Rf2 Bb5 29. Bc2 a5 30. Kg1 Rc8 31. h3 Rcc7 32. Re3 b6 33. Ref3 Nh5 34. g3 Be8 35. h4 gxh4 36. gxh4 Bf7 37. Rg2+ Kh8 38. Nxf7+ Rxf7 39. Rxf7 Rxf7 40. Bg6 Rf4 41. Bxh5 Rxh4 42. Bf7 Re4 43. Kf1 b5 44. Be8 b4 45. cxb4 axb4 46. Re2 Rf4+ 47. Ke1 Re4 48. Rxe4 dxe4 49. Ke2 Kg7 50. Ke3 Kf6 51. Kxe4 e5 52. Ba4 Ke6 53. Bb3+ Kd6 54. Bg8 b3 55. Bxb3 Kc5 56. Kxe5 Kb5 57. a3 Ka5 58. Kd5 Kb5 59. Bd1 Kb6 60. b4 Ka6 61. Kc6 Ka7 62. Kc7 Ka8 63. Kb6 Kb8 64. Bf3 Kc8 65. a4 Kb8 66. Bg4 Ka8 67. a5 Kb8 68. a6 Ka8 69. Bh3 Kb8 70. a7+ Ka8 71. Bg2# 1-0

[Event "British Rapidplay"]
[Site "Peterborough"]
[Date "2025.03.02"]
[Round "10.51"]
[White "Kumar, Arnav"]
[Black "Fisher, Neal"]
[Result "1-0"]
[WhiteElo "1767"]
[BlackElo "1713"]
[PlyCount "113"]
[EventDate "2025.03.01"]
[EventType "swiss (rapid)"]
[EventRounds "11"]
[EventCountry "ENG"]
[SourceTitle "BritBase"]
[Source "John Saunders"]
[SourceDate "2025.03.03"]
[SourceVersion "1"]
[SourceVersionDate "2025.03.03"]
[SourceQuality "2"]

1. e4 e5 2. Nf3 Nf6 3. Nxe5 Bc5 4. d4 Bb6 5. Nc3 Nc6 6. Nf3 d5 7. e5 Ne4 8. Bb5 Nxc3 9. bxc3 Bd7 10. O-O O-O 11. Bg5 Qc8 12. Bd3 Bf5 13. Re1 Bxd3 14. Qxd3 Qe6 15. Bd2 h6 16. Nh4 Ne7 17. f4 Qg4 18. Qg3 Qxg3 19. hxg3 c5 20. Be3 cxd4 21. cxd4 Rac8 22. Re2 Rc3 23. Rd1 Rfc8 24. g4 Rxc2 25. Rdd2 R2c4 26. Nf3 Ba5 27. Rb2 b6 28. f5 a6 29. f6 gxf6 30. exf6 Ng6 31. Bxh6 b5 32. Be3 Bc7 33. g5 Bf4 34. Kf2 Bxe3+ 35. Rxe3 Nf4 36. Kg3 Ne6 37. Rd2 Rc3 38. Rdd3 Rc2 39. g6 Nf8 40. g7 Ne6 41. Nh4 Rxa2 42. Nf5 Kh7 43. Kh2 Nf4 44. Rh3+ Nxh3 45. Rxh3+ Kg6 46. Rh8 Rcc2 47. g8=Q+ Kxf5 48. Qxf7 Rxg2+ 49. Kh1 Rgb2 50. Qxd5+ Kf4 51. Qe5+ Kf3 52. Rh3+ Kf2 53. Qe3+ Kf1 54. Rf3+ Rf2 55. Rxf2+ Rxf2 56. Qxf2+ Kxf2 57. f7 1-0

[Event "British Rapidplay"]
[Site "Peterborough"]
[Date "2025.03.02"]
[Round "10.52"]
[White "Naylor-Eade, Michael A"]
[Black "Keshari, Krish"]
[Result "1/2-1/2"]
[WhiteElo "1989"]
[BlackElo "1669"]
[PlyCount "81"]
[EventDate "2025.03.01"]
[EventType "swiss (rapid)"]
[EventRounds "11"]
[EventCountry "ENG"]
[SourceTitle "BritBase"]
[Source "John Saunders"]
[SourceDate "2025.03.03"]
[SourceVersion "1"]
[SourceVersionDate "2025.03.03"]
[SourceQuality "2"]

1. e4 e5 2. Nf3 Nc6 3. Bb5 a6 4. Ba4 Nf6 5. O-O b5 6. Bb3 Bc5 7. Nxe5 Nxe5 8. d4 Bxd4 9. Qxd4 d6 10. a4 c5 11. Qe3 Bb7 12. axb5 axb5 13. Rxa8 Qxa8 14. Bd5 Bxd5 15. exd5 O-O 16. f4 Ng6 17. Qd3 c4 18. Qd4 Qxd5 19. Rd1 Qe4 20. Nc3 Qxc2 21. Nxb5 Nh4 22. Qd2 Qxd2 23. Bxd2 d5 24. Bc3 Rd8 25. Bxf6 gxf6 26. Kf2 Ng6 27. g3 Ne7 28. Kf3 Rb8 29. Nc7 Rxb2 30. Nxd5 Nxd5 31. Rxd5 Rxh2 32. Rc5 Rc2 33. Kg4 c3 34. Kf5 Kg7 35. g4 Rc1 36. Rc6 c2 37. Rc7 Ra1 38. Rxc2 Ra5+ 39. Ke4 Ra4+ 40. Kf5 Ra5+ 41. Ke4 1/2-1/2

[Event "British Rapidplay"]
[Site "Peterborough"]
[Date "2025.03.02"]
[Round "10.53"]
[White "Young, Daniel J"]
[Black "Burton, Sean"]
[Result "0-1"]
[WhiteElo "1975"]
[BlackElo "1806"]
[PlyCount "126"]
[EventDate "2025.03.01"]
[EventType "swiss (rapid)"]
[EventRounds "11"]
[EventCountry "ENG"]
[SourceTitle "BritBase"]
[Source "John Saunders"]
[SourceDate "2025.03.03"]
[SourceVersion "1"]
[SourceVersionDate "2025.03.03"]
[SourceQuality "2"]

1. e4 c5 2. Nf3 d6 3. d4 cxd4 4. Nxd4 Nf6 5. Nc3 g6 6. Be3 Bg7 7. f3 O-O 8. Qd2 Nc6 9. O-O-O d5 10. Qe1 e5 11. Nxc6 bxc6 12. exd5 cxd5 13. Bg5 Qa5 14. Qxe5 Ne4 15. Qxd5 Qxd5 16. Rxd5 Nxc3 17. bxc3 Bxc3 18. Rc5 Bb4 19. Rb5 Ba3+ 20. Kb1 Bd7 21. Rb3 Bc5 22. Bc4 a5 23. Bf4 Rac8 24. Rd1 Ba4 25. Rb7 Bc6 26. Rc7 Rb8+ 27. Ka1 Bb4 28. Bxf7+ Rxf7 29. Rxc6 Rxf4 30. Rd7 Rf7 31. Rxf7 Kxf7 32. Rc7+ Ke6 33. a4 h5 34. h3 Bd6 35. Ra7 Be5+ 36. Ka2 Bc3 37. g4 Rb2+ 38. Ka3 Rb1 39. gxh5 gxh5 40. Rh7 Bb4+ 41. Ka2 Rf1 42. Rh6+ Kd5 43. Rxh5+ Kc4 44. Rh7 Bc3 45. Rc7+ Kb4 46. Rb7+ Kxa4 47. Rb1 Rxf3 48. Rb3 Rxh3 49. Ra3+ Kb4 50. Rb3+ Kc4 51. Rb1 Rh2 52. Rc1 Rd2 53. Ka3 Rd5 54. Rh1 Rd2 55. Rc1 Bb4+ 56. Kb2 a4 57. Ka2 Rf2 58. Kb2 a3+ 59. Ka2 Kc3 60. Rh1 Rxc2+ 61. Ka1 Kb3 62. Rb1+ Rb2 63. Rh1 Bc3 0-1

[Event "British Rapidplay"]
[Site "Peterborough"]
[Date "2025.03.02"]
[Round "10.54"]
[White "Kumar, Sachin"]
[Black "Hng, Mei-Xian Eunice"]
[Result "1-0"]
[WhiteElo "1735"]
[BlackElo "2066"]
[PlyCount "109"]
[EventDate "2025.03.01"]
[EventType "swiss (rapid)"]
[EventRounds "11"]
[EventCountry "ENG"]
[SourceTitle "BritBase"]
[Source "John Saunders"]
[SourceDate "2025.03.03"]
[SourceVersion "1"]
[SourceVersionDate "2025.03.03"]
[SourceQuality "2"]

1. e4 Nf6 2. Nc3 d6 3. d4 g6 4. Bc4 Bg7 5. Nf3 O-O 6. Bb3 Bg4 7. O-O Nc6 8. Be3 e5 9. d5 Ne7 10. h3 Bxf3 11. Qxf3 Nd7 12. Bg5 f6 13. Bh4 Nc5 14. Rae1 Qd7 15. Re3 f5 16. Bxe7 Qxe7 17. exf5 Rxf5 18. Qe2 Raf8 19. Ne4 Nd7 20. Ng3 Rf4 21. Ne4 Kh8 22. c3 Bh6 23. Rg3 Nb6 24. c4 Qh4 25. Rg4 Qh5 26. Ng3 Qxg4 27. hxg4 Nd7 28. f3 Nc5 29. Bc2 a5 30. a3 Rd4 31. Rd1 Rff4 32. Ne4 Rxd1+ 33. Qxd1 Rf7 34. Qe1 Nxe4 35. Bxe4 b6 36. b4 axb4 37. axb4 Kg7 38. Qa1 Be3+ 39. Kf1 Bd4 40. Qa4 Be3 41. Qc6 Bd4 42. Ke2 Bg1 43. Bc2 Bd4 44. Qe8 Rf8 45. Qc6 Rf7 46. Ba4 Bg1 47. Qe8 Rf8 48. Qd7+ Rf7 49. Qc8 Bd4 50. Bd7 b5 51. Bxb5 Bb6 52. Bd7 Kh6 53. Be6 Rg7 54. Qf8 g5 55. Bf5 1-0

[Event "British Rapidplay"]
[Site "Peterborough"]
[Date "2025.03.02"]
[Round "10.55"]
[White "Shankar, Yashwardhan"]
[Black "Keerthi Kumar, Advait"]
[Result "1-0"]
[WhiteElo "1767"]
[BlackElo "1823"]
[PlyCount "109"]
[EventDate "2025.03.01"]
[EventType "swiss (rapid)"]
[EventRounds "11"]
[EventCountry "ENG"]
[SourceTitle "BritBase"]
[Source "John Saunders"]
[SourceDate "2025.03.03"]
[SourceVersion "1"]
[SourceVersionDate "2025.03.03"]
[SourceQuality "2"]

1. d4 Nf6 2. Bf4 g6 3. Nc3 d5 4. e3 c6 5. Nf3 Bg7 6. h3 O-O 7. Qd2 Nbd7 8. Be2 e6 9. Ne5 c5 10. Nxd7 Bxd7 11. dxc5 Rc8 12. O-O Re8 13. Bd6 a6 14. Bf3 Bc6 15. Be5 Ne4 16. Qd4 Bxe5 17. Qxe5 Nd2 18. Rfe1 Nxf3+ 19. gxf3 Qh4 20. Kg2 Qe7 21. b4 Rcd8 22. Rad1 Qh4 23. Rd4 Qe7 24. e4 f6 25. Qg3 dxe4 26. Rdxe4 Bxe4 27. Nxe4 a5 28. Nd6 Rf8 29. a3 axb4 30. axb4 b6 31. f4 bxc5 32. bxc5 Qc7 33. Qe3 Qd7 34. Qxe6+ Qxe6 35. Rxe6 Rd7 36. c6 Rc7 37. Nb5 Rcc8 38. c7 Kf7 39. Re3 Kg7 40. Re7+ Kh6 41. Nd6 Ra8 42. c4 g5 43. f5 g4 44. h4 g3 45. fxg3 Ra2+ 46. Kf3 Ra3+ 47. Ke4 Rxg3 48. Nf7+ Kh5 49. Nd8 Rg4+ 50. Kd5 Rg7 51. Rxg7 h6 52. c8=Q Rxd8+ 53. Qxd8 Kxh4 54. Qxf6+ Kh3 55. Qxh6# 1-0

[Event "British Rapidplay"]
[Site "Peterborough"]
[Date "2025.03.02"]
[Round "10.56"]
[White "Bin-Suhayl, Yousuf"]
[Black "Bakhtiyarov, Kamronbek"]
[Result "1-0"]
[WhiteElo "1897"]
[BlackElo "1676"]
[PlyCount "87"]
[EventDate "2025.03.01"]
[EventType "swiss (rapid)"]
[EventRounds "11"]
[EventCountry "ENG"]
[SourceTitle "BritBase"]
[Source "John Saunders"]
[SourceDate "2025.03.03"]
[SourceVersion "1"]
[SourceVersionDate "2025.03.03"]
[SourceQuality "2"]

1. Nf3 Nf6 2. c4 e6 3. Nc3 d5 4. e3 Be7 5. Be2 dxc4 6. Bxc4 O-O 7. O-O Nd5 8. e4 Nxc3 9. bxc3 b6 10. d4 Bb7 11. Re1 Nd7 12. Bf4 Nf6 13. Bd3 h6 14. Qd2 Nh7 15. Rad1 g5 16. Be3 f5 17. exf5 exf5 18. Qc2 Qd5 19. c4 Qf7 20. d5 Bd6 21. Nd4 Bc8 22. Bd2 Qh5 23. g3 g4 24. Ne6 Bxe6 25. Rxe6 Ng5 26. Bxg5 Qxg5 27. Rde1 Bc5 28. R6e5 Bd4 29. Rxf5 Rxf5 30. Bxf5 Rf8 31. Be6+ Kg7 32. Re2 Qf6 33. Bxg4 a5 34. Kg2 Rf7 35. f4 Re7 36. Be6 c6 37. Qe4 b5 38. cxb5 cxb5 39. d6 Re8 40. d7 Rd8 41. Qd5 Bc3 42. Qxb5 Rf8 43. Bc4 Rd8 44. Re8 1-0